People of the Maldive islands (Record no. 348715)

000 -LEADER
fixed length control field 00348cam a22001217a 4500
008 - FIXED-LENGTH DATA ELEMENTS--GENERAL INFORMATION
fixed length control field 180718b1980 xxu||||| |||| 00| 0 eng d
082 ## - DEWEY DECIMAL CLASSIFICATION NUMBER
Classification number A6x5495 M297
100 ## - MAIN ENTRY--PERSONAL NAME
Personal name Maloney, Clarence
245 ## - TITLE STATEMENT
Title People of the Maldive islands
Statement of responsibility, etc. by Clarence Maloney
260 ## - PUBLICATION, DISTRIBUTION, ETC.
Place of publication, distribution, etc. Bombay
Name of publisher, distributor, etc. Orient Longman
Date of publication, distribution, etc. 1980
300 ## - PHYSICAL DESCRIPTION
Extent 441p.
650 ## - SUBJECT ADDED ENTRY--TOPICAL TERM
Topical term or geographic name entry element Maldive Islands - History
Holdings
Withdrawn status Lost status Damaged status Not for loan Permanent Location Current Location Date acquired Full call number Barcode Date last seen Price effective from Koha item type
        Indian Institute of Public Administration Indian Institute of Public Administration 1993-10-27 A6x5495 M297 57202 2018-07-21 2018-07-21 Book

Powered by Koha